Ελευσίς : μυστήρια και λατρεία

Αποθηκεύτηκε σε:
Λεπτομέρειες βιβλιογραφικής εγγραφής
Κύριος συγγραφέας: Kerényi, Karl, 1897-1973
Άλλοι συγγραφείς: Παπαδοπούλου, Ελένη Νικ
Μορφή: Βιβλίο
Γλώσσα:Greek
English
Δημοσίευση: Αθήνα : Ιάμβλιχος, 1999.
Θέματα:
Ετικέτες: Προσθήκη ετικέτας
Δεν υπάρχουν, Καταχωρήστε ετικέτα πρώτοι!

MARC

LEADER 00000cam a2200000 i 4500
001 1/20068
008 051128s1999 gr | ||| |||| ||gre||
020 |a 9602681322  
035 |l 10081519 
040 |a GR-MyUA  |b gre  |e AACR2 
041 1 |a gre  |h eng 
082 7 |a 292.3   |2 (22) 
100 1 |a Kerényi, Karl,   |d 1897-1973. 
245 1 0 |a Ελευσίς :   |b μυστήρια και λατρεία /   |c Carl Kerenyi ; μετάφραση Παπαδοπούλου Ελένη.  
260 |a Αθήνα :   |b Ιάμβλιχος,   |c 1999.  
300 |a 292 σ. :   |b εικ. ;   |c 21 εκ.  
500 |a Τίτλος πρωτοτύπου: Eleusis.  
650 0 0 |a Eleusinian mysteries. 
700 1 |a Παπαδοπούλου, Ελένη Νικ. 
852 |a INST  |b SAMOS  |e 20051128  |h 292.3 KER  |p 005300025006  |q 005300025006  |t BK  |y 0 
901 |a BIBL3-2005-3 
970 |a ΚΟΣΙΕΡΗΣ  |b ΧΡΗΣΤΟΣ  |z 2005/11/28